000 00792nam a2200229 a 4500
001 000014953
005 20200929163929.0
008 100127s1993 sp 000 0 spa d
020 _a8429307818
040 _aDO-SdBNP
_bspa
_cBNPHU
082 _a922.2
_bV195L, 1993
100 1 _aVallés, Carlos G., S. J.,
_d1925-
_933842
245 1 0 _aLigero de equipaje :
_btony de mello, un profeta para nuestro tiempo /
_cCarlos G. Vallés.
250 _a12a ed.
260 _aCantabria, España :
_bSal Terrae,
_c1993.
300 _a226 p. ;
_c21 cm.
490 1 _aServidores y testigos
_v33
600 1 0 _aMELLO, ANTHONY DE, S.J.,
_d1931-1987
_xBIOGRAFÍAS
_933843
650 4 _aAutores católicos
_xEnsayos, conferencias, etc.
_933844
830 0 _aServidores y testigos ;
_v33
_933845
049 _aBNGR
999 _c14530
_d14530